The 30 Least Populated Countries - Statistics

General Stats
  • This quiz has been taken 4 times
  • The average score is 11 of 30
Answer Stats
Population Answer % Correct
331,778 Iceland
75%
9,943 Tuvalu
75%
801 Vatican City
75%
69,165 Andorra
50%
285,006 Barbados
50%
428,874 Brunei
50%
526,993 Cape Verde
50%
73,016 Dominica
50%
104,966 F. S. Micronesia
50%
37,776 Liechtenstein
50%
53,069 Marshall Islands
50%
21,501 Palau
50%
186,383 Saint Lucia
50%
31,950 San Marino
50%
97,026 Seychelles
50%
270,470 Vanuatu
50%
392,718 Bahamas
25%
107,327 Grenada
25%
114,405 Kiribati
25%
369,812 Maldives
25%
419,615 Malta
25%
37,863 Monaco
25%
10,263 Nauru
25%
109,644 Saint Vincent and the Grenadines
25%
194,523 Samoa
25%
106,915 Tonga
25%
92,738 Antigua and Barbuda
0%
366,942 Belize
0%
194,390 Sao Tome and the Principe
0%
547,610 Suriname
0%
No matching quizzes found
Score Distribution
Percent of People with Each Score
Percentile by Number Answered
Your Score History
You have not taken this quiz